| 000 | 00524nam a22001697a 4500 | ||
|---|---|---|---|
| 003 | OSt | ||
| 005 | 20140310182212.0 | ||
| 008 | 130906t xxu||||| |||| 00| 0 eng d | ||
| 050 |
_aKPM 534 _b.F198 1988 |
||
| 082 |
_aHS 348.023 _bP54 1988 |
||
| 245 |
_aThe family code of the Philippines : _bExecutive order No.209 as amended by Executive Order No.227 / |
||
| 260 |
_aManila. Philippines : _bRex Book Store, _cc1988. |
||
| 300 |
_a64 p. : _c22 cm. |
||
| 650 |
_aFamily Code. _916798 |
||
| 942 |
_2lcc _cHS |
||
| 999 |
_c10485 _d10485 |
||